000 01181nam a2200325 i 4500
001 000009784
003 DO-SdBNP
005 20250724112631.0
007 ta
008 091001s1985 dr a r 000 p spa d
040 _aDO-SdBNP
_bspa
_cBNPHU
_erda
041 _aspa
082 _aRD861.44
_bC355a, 1985
_222
100 1 _aCastro, Tomás,
_d1959-
_924641
_eautor
_4aut.
245 1 0 _aAmor a quemarropa ;
_bEntrega inmediata y otros incendios /
_cTomás Castro.
250 _aTercera edición
264 1 _aSanto Domingo, República Dominicana :
_bEditorial Gente,
_c1985.
300 _a71, 69 páginas :
_bilustraciones ;
_c17 cm.
336 _atexto
_btxt
_2rdacontent
337 _asin mediación
_bn
_2rdamedia
338 _avolumen
_bnc
_2rdacarrier
501 _aPublicado con: Entrega inmediata y otros incendios
563 _aDos obras con paginación independiente en encuadernación invertida.
590 _aInventariado, 2018/BT
650 0 _aPoesía dominicana
_966
650 0 _aLiteratura dominicana.
_967
700 1 2 _aCastro, Tomás,
_e1959-
_tEntrega inmediata y otros incendios
_924692
910 _aValidado. Control de calidad. MMOLINA
942 _2ddc
_cLBS1
999 _c9543
_d9543